000 00294nam a2200133Ia 4500
008 191201s2010 xx 000 0 und d
100 _aJAIN, RP
245 0 _aModern Digital Electronics
250 _a4th
260 _c2010
_bTMH
_aN. Delhi
300 _a712
650 _aCSE
942 _2ddc
_cBB
999 _c7456
_d7456